000 00634nam a2200229 a 4500
001 nice12345678
003 IN_TiNIC
005 20260116014841.0
008 080402s2006 newa grp 000 0 eng
020 _a8130703270
_c850
082 0 0 _a305.4
_bCHA
100 _aChannasubhadra,
245 _aReadings in Feminist Theory
_b Thought and Types of Theory, Perspectives on Feminiasm, Behaviour
260 _aNew Delhi
_bCosmo Publications
_c2006
300 _a321p
500 _aincludes index and biblioraphy
650 _aFeminism
700 1 _aChannasubhadra,
902 _bSRS
942 _cBK
999 _c17268
_d17268